Pokémon - Les attaques de Couafarel - Statistiques

Statistiques générales
  • Ce quiz a été pris 18 fois
  • Le résultat moyen est 9 sur 13
Statistiques - réponses
Niveaux Types Noms des attaques % Correct
Départ Normal Charge
100%
Niveau 38 Fée Charme
100%
Niveau 5 Sol Jet de Sable
100%
Niveau 35 Normal Bélier
86%
Niveau 9 Fée Regard Touchant
86%
Départ Normal Rugissement
86%
Niveau 42 Ténèbres Coup Bas
71%
Niveau 12 Normal Coup d'Boule
71%
Niveau 22 Ténèbres Morsure
71%
Niveau 48 Plante Cotogarde
57%
Niveau 15 Normal Mimi-Queue
43%
Niveau 27 Normal Flair
14%
Niveau 33 Normal Vengeance
14%
Aucun quiz correspondant
Distribution des résultats
% des personnes avec chaque résultat
Percentile par nombre de réponses
Votre historique - résultats
Vous n’avez pas pris ce quiz